00780nam a2200157Ia 4500008004100000100001800041245011300059245020300172260005300375260001800428300000800446650001500454856006100469999001900530952007300549170221s9999 xx 000 0 und d aRais S. Safin aInnovative Entrepreneurship in Education: A New Look in the Students Training Content and Existing Problems  cRais S. Safin, Albina R. Shaidullina, Rovzat A. Alikhanova, Isita V. Muskhanova, Tatyana V. Yusupkhadzhieva, Lolita A. Dzhamalkhanova, Fariza V. Mezhidova, Venera M. Nigmetzyanova, Linar G. Akhmetov bInternational Review of Management and Marketing cNovember 2014 a3:4 xMarketing. uhttp://www.econjournals.com/index.php/irmm/issue/view/71 c310209d310209 001040aCLbCLd2017-02-21l0r2017-02-21 00:00:00w2017-02-21yFOJ